000 00616nam a22002177a 4500
005 20170124110104.0
010 _a283074
020 _c00.00
035 _a283074
037 _bCen Lib/Ret
040 _aDPL
_bEN
082 _a951
_bHEV
100 _aHevi, Emmanuel John
_927758
245 _aAn African student in China /
_cby Emmanuel John Hevi
260 _aLondon
_bPall Mall Press
_c1963
270 _a77/ 79 Charlotte Street
_bDunmow
300 _a220p.
_c21cm(Hb)
650 _aAfrican students -- China
_927759
650 _aCommunism -- China
_927760
942 _2ddc
_cEN
_h951
_mHEV
999 _c129914
_d129914